000 00893nam a2200277 a 4500
001 9572
003 CO-ViMGA
008 141112s2004 ck r 000 u spa d
040 _aCO-ViMGA
_bspa
_cCO-ViMGA
082 0 4 _a327.861 V335 V3
100 1 _aAlfredo,
_910818
245 1 0 _aRelatos de Historia Diplomática de Colombia
260 _aBogotá :
_bCEJA,
_c1996 Tomo II
300 _a452p.
650 1 4 _aCOLOMBIA - HISTORIA
_910819
650 1 4 _aCOLOMBIA TRATADOS INTERNACIONALES
_910820
650 1 4 _aCONGRESO DE PANAMA
_910821
650 1 4 _aDIPLOMACIA COLOMBIA - HISTORIA
_910822
650 1 4 _aHISTORIA 1819 - 1839
_910823
650 1 4 _aPANAMA - COLOMBIA
_910824
650 1 4 _aPENSAMIENTO POLITICO
_910825
650 1 4 _aRELACIONES EXTERIORES ESTADOS UNIDOS
_910826
650 1 4 _aRELACIONES EXTERIORES PANAMA
_910827
650 1 4 _aSIMON BOLIVAR 1783 - 1830
_910828
942 _2ddc
_cBK
999 _c21052
_d21052